| 000 | 00695nam a2200217 u 4500 | ||
|---|---|---|---|
| 005 | 20240315063659.0 | ||
| 008 | 150429s2004 r 000 0 eng d | ||
| 020 | _a9800112790 | ||
| 035 | _aUPN01000203170 | ||
| 049 | _aI | ||
| 050 | 4 |
_aPQ8550.29 E6.7 _bD4.7 |
|
| 100 | 1 |
_aSequera, Armando José, _d1953- _933708 |
|
| 245 | 1 | 0 |
_aDetrás de una pelota / _cArmando José Sequera ; il. de Alessandra Camejo. |
| 260 |
_aCaracas : _bMonte Avila, _c2004 |
||
| 300 |
_a37 p. : _bprincipalmente il. col. |
||
| 440 | 0 |
_aPrimera dimensión. _pRoja |
|
| 650 | 4 |
_aCuentos infantiles venezolanos _910764 |
|
| 650 | 7 |
_aLibros ilustrados para niños _2 _921365 |
|
| 905 | _aInfantil | ||
| 999 |
_c175271 _d175271 |
||